|
|
|
|
| LEADER |
01256cam a2200385 a 4500 |
| 001 |
nkc20061700978 |
| 003 |
CZ PrNK |
| 005 |
20070228143816.0 |
| 007 |
ta |
| 008 |
061108s2006 xr g 000 j cze d |
| 015 |
|
|
|a cnb001700978
|
| 020 |
|
|
|a 80-242-1734-1
|q (váz.)
|
| 035 |
|
|
|a (OCoLC)124089532
|
| 040 |
|
|
|a KLG001
|b cze
|d OLA001
|d ABA001
|
| 041 |
1 |
|
|a cze
|h eng
|
| 072 |
|
7 |
|a 821.521
|x Japonská literatura
|2 Konspekt
|9 25
|
| 080 |
|
|
|a 821.521-32
|2 MRF
|
| 080 |
|
|
|a (0:82-322.4)
|2 MRF
|
| 100 |
1 |
|
|a Suzuki, Kōji,
|d 1957-
|7 jo2004249976
|4 aut
|
| 245 |
1 |
0 |
|a Temné vody /
|c Kodži Suzuki ; [z angličtiny přeložil David Petrů]
|
| 250 |
|
|
|a Vyd. 1.
|
| 260 |
|
|
|a V Praze :
|b Knižní klub,
|c 2006
|
| 300 |
|
|
|a 222 s. ;
|c 21 cm
|
| 655 |
|
7 |
|a japonské povídky
|7 fd132489
|2 czenas
|
| 655 |
|
7 |
|a horory (povídky)
|7 fd132417
|2 czenas
|
| 655 |
|
9 |
|a Japanese short stories
|2 eczenas
|
| 655 |
|
9 |
|a horror tales
|2 eczenas
|
| 700 |
1 |
|
|a Petrů, David,
|d 1979-
|7 jn20001005466
|4 trl
|
| 765 |
0 |
|
|t Dark water
|9 Česky
|
| 910 |
2 |
|
|a BOA001
|b 2-1178.506
|
| 928 |
9 |
|
|a Euromedia Group - Knižní klub
|
| 990 |
|
|
|a BK
|
| 995 |
|
|
|a 01
|
| 991 |
|
|
|b 200701
|
| 996 |
6 |
|
|b 2610298072
|c 2-1178.506
|l MZK
|r Sklad / do 1 hodiny
|n 3
|p p.v.
|w 000836899
|u 000010
|a 1
|e BOA001
|j MZK50
|s P
|